Loups des Stark - Game of Thrones - Statistiques

Statistiques générales
  • Ce quiz a été pris 57 fois
  • Le résultat moyen est 4 sur 6
Statistiques - réponses
Hint Réponse % Correct
Jon Fantôme
91%
Bran Été
69%
Arya Nymeria
66%
Sansa Lady
59%
Robb Vent Gris
56%
Rickon Broussaille
47%
Aucun quiz correspondant
Distribution des résultats
% des personnes avec chaque résultat
Percentile par nombre de réponses
Votre historique - résultats
Vous n’avez pas pris ce quiz